Постановление ГКО СССР № 6151 сс о производстве и поставке Наркомату обороны, Наркомату военно-морского флота и войскам Наркомат...

RUSMARC
00005558cbm0a2200325#x 450
00107212164-c80a-46c4-b15e-7faf7e43de48
00520251117114343.0
100##$a20251117j19440709k###0rusy50 ca
1010#$arus
102##$aRU
105##$ay###z########
1220#$ad19440709##
2001#$aПостановление ГКО СССР № 6151 сс о производстве и поставке Наркомату обороны, Наркомату военно-морского флота и войскам Наркомата внутренних дел инженерного вооружения и спецоборудования в 3 квартале 1944 г., с приложением ведомостей металла, труб, метизов, материалов, изделий и оборудования, плана поставки инженерного вооружения и спецоборудования
$j9 июля 1944 г.
251##$cДокумент
300##$aРассылочный и подлинный экземпляры
461#0$12001
$aФ. 644
$1251
$cФонд
$1852
$j644
462#0$12001
$aОп. 1
$1251
$cОпись
$1852
$j1
60101$2nlr_sh
$3RU\NLR\AUTH\6601614128
$aСССР
$bГосударственный Комитет Обороны
$xИстория
$z1941 - 1945
$jДокументы и материалы
60101$2nlr_sh
$3RU\NLR\AUTH\6601746794
$aРабоче-Крестьянская Красная армия
$c1918 - 1946
$xМатериально-техническое снабжение
$z1941 - 1945
$jДокументы и материалы
605##$2prlib_sh
$3LIBNET\UAF\0000088514
$aВторая мировая война в архивных документах (Комплекс оцифрованных архивных документов, кино- и фотоматериалов)
$lколлекция
605##$2acquisition_Prlib
$3DITM\AF\0000002775
$aВласть
$lколлекция
6061#$2prlib_sh
$3LIBNET\UAF\0000111015
$aВоенная промышленность
$xИстория
$yСССР
$z1941 - 1945
$jДокументы и материалы
6061#$2nlr_sh
$3RU\NLR\AUTH\661280795
$aВеликая Отечественная война
$z1941 - 1945
$xТыл(воен.)
$jДокументы и материалы
686##$a63.3(2)622-2ю1
$2rubbk
$vLBC/M
686##$a65.03(2)622ю1
$2rubbk
$vLBC/M
801#0$aRU
$bПБ им. Б.Н. Ельцина
$c20251117
801#1$aRU
$bПБ им. Б.Н. Ельцина
$c20251117
$2rusmarc
801#2$aRU
$bПБ им. Б.Н. Ельцина
$c20251117
$2rusmarc
850##$aРоссийский государственный архив социально-политической истории
852##$aРГАСПИ
$jД. 270. Л. 139-188; Оп. 2. Д. 350. Л. 1-39
035##$aLIBNET\0001512793
937##$d198555169
$hФедеральное архивное агентство
8564#$uhttp://readingroom.main.prlib.ru/item.aspx?id_node=n198555169&mode=full
Формат отображения